000 00390 a2200121 4500
001 ART_5673
005 20260410161828.0
008 260409a
245 1 0 _aLos problemas del financiamiento de la pequeña y mediana empresa
100 1 _aSalloum, Damián
700 1 _aVigier, Hernán
773 0 _tEstudios Económicos
_g- Vol. 13, Nº 29/30 (ene./dic. 1997)
_wREV5080
999 _c22940
_d22940